000 00694nam a22001577a 4500
003 OSt
005 20151201095017.0
008 151201b xxu||||| |||| 00| 0 eng d
040 _cRUA
082 _aFIS NGY 2000 B172 Or.1
100 _94052
_aNGY, LAYMITHUNA.
245 _athe study on the growth and survival rate of pangasius hypophthalmus (khmer strain) and pangasius sp. (thai strain) (ការសិក្សាពីការលូតលាស់ និង អត្រារស់របស់ពូជត្រីប្រាធំខ្មែរ pangasius hypophthalmus និង pangasius sp.)
260 _aPhnom Penh
_bRUA
_c2000
300 _a129p.
_bill.
_c29cm.
942 _2ddc
_cFIS
999 _c3771
_d3771